| 000 | 00673nam a2200217 i 4500 | ||
|---|---|---|---|
| 001 | 10515 | ||
| 003 | ES-MaACL | ||
| 005 | 20230906145913.0 | ||
| 007 | t| | ||
| 008 | 950823s1955 sp f |||| | spa d | ||
| 080 | _a61(460) | ||
| 100 | 1 |
_aAparicio López, Octavio. _922068 |
|
| 245 | 1 | 3 |
_aLa medicina española contemporánea / _cpor Octavio Aparicio López. |
| 260 |
_aMadrid : _bPublicaciones Españolas, _c1955. |
||
| 300 |
_a30 p., [4] p. de lám. ; _c24 cm. |
||
| 490 | 1 |
_aTemas españoles ; _v130 |
|
| 650 | 1 | 4 |
_aMedicina- _zEspaña- _yS.XX. _9163149 |
| 830 | 0 |
_aTemas españoles ; _v130 _9178712 |
|
| 852 |
_aES-MaACL _jL-17826 |
||
| 999 |
_c10515 _d10515 |
||